Normal view
MARC view
- تاليف ترحيني، فايز؛ تقديم الكك، فيكتور
Entry Personal Name
001 - CONTROL NUMBER
- control field: 8125
003 - CONTROL NUMBER IDENTIFIER
- control field: JO-AjAnu
005 - DATE AND TIME OF LATEST TRANSACTION
- control field: 20230606071618.0
008 - FIXED-LENGTH DATA ELEMENTS
- fixed length control field: 230606|| aca||aabn | a|a d
040 ## - CATALOGING SOURCE
- Original cataloging agency: JO-AjAnu
- Transcribing agency: JO-AjAnu
100 ## - HEADING--PERSONAL NAME
- Personal name: تاليف ترحيني، فايز؛ تقديم الكك، فيكتور
670 ## - SOURCE DATA FOUND
- Source citation: Work cat.: (JO-AjAnu)4198: تاليف ترحيني، فايز؛ تقديم الكك، فيكتور, author, الشيخ أحمد رضا والفكر العاملي